Vom Rheim für vierstimmigen Männerchor : Partitur /

Hlavní autor: Bruch, Max, 1838-1920
Další autoři: Bodenstedt, Friedrich, 1819-1892
Jazyk: Němčina
Vydáno: Leipzig : Kistner, [1895?]
Fyzický popis: 7 s.
Hudebniny Hudebniny
Uloženo v:
LEADER 00792ncm a22002172a 4500
001 001089269
003 CZ BrMZK
005 20110812185307.0
007 qu
008 010825s1895 gw f ger d
040 |a BOA001  |b cze  |c BOA001 
072 7 |a 784  |x Vokální hudba  |2 Konspekt  |9 9 
100 1 |a Bruch, Max,  |d 1838-1920  |7 jn20000601045  |4 cmp 
245 1 0 |a Vom Rheim  |h [hudebnina] :  |b für vierstimmigen Männerchor : Partitur /  |c Max Bruch ; Gedicht von Fr. Bodenstedt (aus "Einkehr und Umschau") 
260 |a Leipzig :  |b Kistner,  |c [1895?] 
300 |a 7 s. 
700 1 |a Bodenstedt, Friedrich,  |d 1819-1892  |7 js20020805865  |4 lyr 
910 |a BOA001  |b Mus3-0459.287 
990 |a MU 
991 |b 201003 
996 6 |b 2619451302  |c Mus3-0459.287  |l MZK  |r Sklad / do 1 hodiny  |n 0  |w 001113729  |u 000010  |a 1  |e BOA001  |j MZK50  |s P